00970nam a2200229Ia 4500001000700000008004100007035001500048041000800063084001900071245027800090260002600368300002100394490005700415650002600472650001600498650001300514650001400527700003600541700003900577710005000616710007400666004087221003s1998 xx 000 0 spa d aCENDO_6675 aspa aFM-00006-00003 0aDecreto 451/1994, de 15 de noviembre, por el que se crea el Consejo Andaluz de Formación Profesional /cmaterial elaborado por Joan Estarás Fernández con la colaboración de Esperanza Quesada Jiménez [y la Secretaría Confedral de Formación y Cultura de CC.OO.] a[S.l. :bs.n.],c1998 a20 p. ;c 30 cm aDecretos de Consejos de Formación Profesional ;v2 aFORMACION PROFESIONAL aLEGISLACION aESPAÑA aANDALUCIA aESTARAS FERNANDEZ, Joan,ecomp. aQUESADA JIMENEZ, Esperanza,ecomp. aANDALUCIAbConsejo de Formación Profesional aCCOObConfederación SindicalbSecretaría de Formación y Cultura